FIRST AID FOR NURSES (Record no. 2004)
[ view plain ]
| 000 -LEADER | |
|---|---|
| fixed length control field | 00329nam a2200145Ia 4500 |
| 008 - FIXED-LENGTH DATA ELEMENTS--GENERAL INFORMATION | |
| fixed length control field | 150201s2012 xx 000 0 und d |
| 082 ## - DEWEY DECIMAL CLASSIFICATION NUMBER | |
| Classification number | 614.88 |
| Item number | F12P |
| 100 ## - MAIN ENTRY--PERSONAL NAME | |
| Personal name | PANDA , U.N. |
| 245 ## - TITLE STATEMENT | |
| Title | FIRST AID FOR NURSES |
| 250 ## - EDITION STATEMENT | |
| Edition statement | 2ND |
| 260 ## - PUBLICATION, DISTRIBUTION, ETC. (IMPRINT) | |
| Name of publisher, distributor, etc. | AITBS |
| Place of publication, distribution, etc. | DELHI |
| Date of publication, distribution, etc. | 2012 |
| 300 ## - PHYSICAL DESCRIPTION | |
| Extent | 133 |
| 650 ## - SUBJECT ADDED ENTRY--TOPICAL TERM | |
| Topical term or geographic name as entry element | FIRST AID |
| 942 ## - ADDED ENTRY ELEMENTS (KOHA) | |
| Source of classification or shelving scheme | Dewey Decimal Classification |
| Koha item type | Books |
| Koha issues (borrowed), all copies | 9 |
| Withdrawn status | Lost status | Source of classification or shelving scheme | Damaged status | Not for loan | Collection code | Home library | Current library | Shelving location | Date acquired | Source of acquisition | Cost, normal purchase price | SGTU | Bill Number | Total Checkouts | Full call number | Barcode | Date last seen | Date last checked out | Bill Date | Koha item type |
|---|---|---|---|---|---|---|---|---|---|---|---|---|---|---|---|---|---|---|---|---|
| Dewey Decimal Classification | NURSING | SGT Medical Library | SGT Medical Library | Text Book | 19/04/2012 | UBS DELHI | 80.00 | SGTU | 46 | 5 | 614.88 F12P | FN560 | 26/03/2024 | 11/03/2024 | 19/04/2012 | Books | ||||
| Dewey Decimal Classification | NURSING | SGT Medical Library | SGT Medical Library | Text Book | 19/04/2012 | UBS DELHI | 80.00 | SGTU | 46 | 6 | 614.88 F12P | FN561 | 11/03/2025 | 11/03/2025 | 19/04/2012 | Books | ||||
| Dewey Decimal Classification | NURSING | SGT Medical Library | SGT Medical Library | Text Book | 19/04/2012 | UBS DELHI | 80.00 | SGTU | 46 | 2 | 614.88 F12P | FN562 | 11/03/2025 | 11/03/2025 | 19/04/2012 | Books |